000 00622nam a2200229Ia 4500
003 OSt
005 20221007081839.0
006 a|||||r|||| 00| 0
007 ta
008 221006b |||||||| |||| 00| 0 eng d
024 _a12,141
037 _cTextual
040 _aFLL
_cFLL
_beng
041 _2eng
_aeng
082 _aV2:2501wM89, L1
100 _aDikshit C. Au.
_9698172
245 0 _aDomocratic socialism in india
260 _aRam
_bnagar S. Chand and co. pvt. ltd. India
_c1971
300 _a82p
_ccm.
942 _hV2:2501wM89, L1
_cTEXL
_2CC
999 _c1164469
_d1164469